000 00645nam a2200241 a 4500
001 40373
003 BD-RjUL
005 20211209053212.0
008 160430s2007 ii |||| |||| 00| 0 eng d
020 _a8174731040
_c: IRs. 95.00
035 _a(BD-RjUL)40488
040 _aBD-RjUL
_beng
_cBD-RjUL
041 _aeng
082 _223
_a512.8
_bHAH 2007
100 _aHall, H.S.
_9124376
245 _aHigher Algebra /
_cH.S. Hall, S.R. Knight
250 _aMetric ed.
260 _aDelhi :
_bA.I.T.B.S Publishers,
_c2007
300 _axxii, 557 p. ;
_c25 Cm.
650 _aAlgebra
_9124377
700 _aKnight, S.R.
_9124378
942 _2ddc
_cBK
999 _c40373
_d40373